000 00409nam a22001697a 4500
005 20250619114508.0
008 250508b |||||||| |||| 00| 0 eng d
020 _a9780241575536
040 _cSDCL
041 _aeng
084 _aO-,3MIC R4 LR
100 _aMichaelides, Alex
_9414404
245 _aFury
260 _aDublin :
_bPenguin Random House,
_c2024
300 _ax, 358p
942 _2CC
_cGB
999 _c1320390
_d1320390